Największe... (Państwo) - Statystyki

Ogólne statystyki
  • Ten quiz został rozwiązany 219 razy
  • Średni wynik to 9 z 15
Statystyki odpowiedzi
Zagadnienie Odpowiedź % Poprawnych
Największe w Europie Rosja
99%
Największe w Ameryce Południowej Brazylia
97%
Największe w Oceani Australia
96%
Największe w Azji Chiny
93%
Największe w Wielkich Antylach Kuba
74%
Największe w Ameryce Północnej Kanada
73%
Największe na Bliskim Wschodzie Arabia Saudyjska
68%
Nakwiększe Państwo Na Kaukazie Azerbejdżan
61%
Największe w Afryce Algieria
58%
Największe w Beneluksie Holandia
51%
Największe w Historii Imperium Brytyjskie
45%
Największe w Małych Antylach Trynidad i Tobago
41%
Największe na Półwyspie bałkańskim Bułgaria
31%
Największe w Ameryce środkowej Nikaragua
20%
Największe w skandynawi Dania
14%
Nie znaleziono quizów pasujących do podanych kryteriów
Rozkład punktacji
Procent ludzi z każdym wynikiem
Percentyl według liczby udzielonych odpowiedzi
Twoja historia wyników
Nie rozwiązałeś tego quizu